The power of images in Paul / (Record no. 119045)
[ view plain ]
| 000 -LEADER | |
|---|---|
| fixed length control field | 01539cam a2200337 a 4500 |
| 001 - CONTROL NUMBER | |
| control field | 15180649 |
| 003 - CONTROL NUMBER IDENTIFIER | |
| control field | ARRUPE |
| 005 - DATE AND TIME OF LATEST TRANSACTION | |
| control field | 20131203185738.0 |
| 008 - FIXED-LENGTH DATA ELEMENTS--GENERAL INFORMATION | |
| fixed length control field | 080214s2008 mnu b 001 0 eng |
| 010 ## - LIBRARY OF CONGRESS CONTROL NUMBER | |
| LC control number | 2008005837 |
| 020 ## - INTERNATIONAL STANDARD BOOK NUMBER | |
| International Standard Book Number | 9780814659632 |
| 020 ## - INTERNATIONAL STANDARD BOOK NUMBER | |
| International Standard Book Number | 0814659632 |
| 035 ## - SYSTEM CONTROL NUMBER | |
| System control number | (OCoLC)ocn196301370 |
| 035 ## - SYSTEM CONTROL NUMBER | |
| System control number | (OCoLC)196301370 |
| 040 ## - CATALOGING SOURCE | |
| Original cataloging agency | DLC |
| Transcribing agency | DLC |
| Modifying agency | BTCTA |
| -- | YDXCP |
| -- | BAKER |
| -- | C#P |
| -- | DLC |
| 050 00 - LIBRARY OF CONGRESS CALL NUMBER | |
| Classification number | BS2655.M47 |
| Item number | C65 2008 |
| 082 00 - DEWEY DECIMAL CLASSIFICATION NUMBER | |
| Classification number | 227/.066 |
| Edition number | 22 |
| 300 ## - PHYSICAL DESCRIPTION | |
| Dimensions | 23 cm. |
| 100 1# - MAIN ENTRY--PERSONAL NAME | |
| Personal name | Collins, Raymond F., |
| Dates associated with a name | 1935- |
| 9 (RLIN) | 5020 |
| 245 14 - TITLE STATEMENT | |
| Title | The power of images in Paul / |
| Statement of responsibility, etc | Raymond F. Collins. |
| 260 ## - PUBLICATION, DISTRIBUTION, ETC. (IMPRINT) | |
| Place of publication, distribution, etc | Collegeville, Minn. : |
| Name of publisher, distributor, etc | Liturgical Press, |
| Date of publication, distribution, etc | c2008. |
| 300 ## - PHYSICAL DESCRIPTION | |
| Extent | xv, 307 p. ; |
| 500 ## - GENERAL NOTE | |
| General note | "A Michael Glazier book." |
| 504 ## - BIBLIOGRAPHY, ETC. NOTE | |
| Bibliography, etc | Includes bibliographical references (p. 264-271) and indexes. |
| 505 0# - FORMATTED CONTENTS NOTE | |
| Formatted contents note | The role of metaphor in Hellenistic rhetoric -- The first letter to the Thessalonians -- The letter to the Philippians -- The letter to Philemon -- The letter to the Galatians -- The first letter to the Corinthians -- The second letter to the Corinthians -- The letter to the Romans -- Paul's use of metaphor. |
| 630 00 - SUBJECT ADDED ENTRY--UNIFORM TITLE | |
| Uniform title | Bible. |
| Name of part/section of a work | Epistles of Paul |
| General subdivision | Criticism, interpretation, etc. |
| 9 (RLIN) | 5021 |
| 650 #0 - SUBJECT ADDED ENTRY--TOPICAL TERM | |
| Topical term or geographic name as entry element | Metaphor in the Bible. |
| 9 (RLIN) | 5022 |
| 856 41 - ELECTRONIC LOCATION AND ACCESS | |
| Materials specified | Table of contents only |
| Uniform Resource Identifier | <a href="http://www.loc.gov/catdir/toc/ecip0811/2008005837.html">http://www.loc.gov/catdir/toc/ecip0811/2008005837.html</a> |
| 906 ## - LOCAL DATA ELEMENT F, LDF (RLIN) | |
| a | 7 |
| b | cbc |
| c | orignew |
| d | 1 |
| e | ecip |
| f | 20 |
| g | y-gencatlg |
| 942 ## - ADDED ENTRY ELEMENTS (KOHA) | |
| Source of classification or shelving scheme | Library of Congress Classification |
| Koha item type | Monograph ( Printed materials) |
| Withdrawn status | Lost status | Source of classification or shelving scheme | Damaged status | Not for loan | Home library | Current library | Shelving location | Date acquired | Total Checkouts | Full call number | Barcode | Date last seen | Price effective from | Koha item type |
|---|---|---|---|---|---|---|---|---|---|---|---|---|---|---|
| Library of Congress Classification | ARRUPE LIBRARY | ARRUPE LIBRARY | Main Collection | 03/12/2013 | BS2655.M47 C65 2008 | 464123744 | 01/08/2016 | 03/12/2013 | Monograph ( Printed materials) |